Top 50 countries by drug use - Statistics

General Stats
  • This quiz has been taken 1,467 times
  • The average score is 27 of 50
Answer Stats
Rank Country % Correct
26 United States
99%
8 United Kingdom
92%
2 Russia
88%
41 Canada
86%
45 France
84%
22 Spain
83%
21 Brazil
80%
48 India
78%
13 Italy
78%
30 Australia
77%
19 Portugal
72%
3 Ukraine
69%
25 Ireland
66%
31 New Zealand
64%
46 Norway
62%
7 Pakistan
62%
42 Belgium
61%
49 South Africa
61%
37 Austria
60%
4 Iran
59%
44 Belarus
58%
35 Denmark
58%
23 Switzerland
57%
29 Thailand
57%
1 Afghanistan
55%
47 Czech Republic
55%
12 Estonia
55%
10 Latvia
55%
24 Lithuania
55%
32 Bulgaria
52%
16 Croatia
50%
36 Slovenia
49%
18 Nigeria
46%
33 Albania
45%
28 Uzbekistan
42%
50 Turkmenistan
41%
11 Kazakhstan
40%
27 Tajikistan
40%
5 Malaysia
39%
17 Laos
37%
14 Myanmar
36%
20 Georgia
34%
43 Nepal
34%
9 Luxembourg
32%
15 Kyrgyzstan
31%
34 Macedonia
30%
38 Malta
29%
40 El Salvador
20%
39 Zambia
9%
6 Mauritius
4%
No matching quizzes found
Score Distribution
Percent of People with Each Score
Percentile by Number Answered
Your Score History
You have not taken this quiz